[Event "Magistral Linares"]
[Site "Linares"]
[Date "2002.03.03"]
[Round "8"]
[White "Anand, Viswanathan"]
[Black "Shirov, Alexei"]
[Result "1-0"]
[WhiteElo "2757"]
[BlackElo "2715"]
[Annotator "Ubilava, E"]
[PlyCount "61"]
[EventDate "2002.02.23"]
[EventType "game"]
[EventCountry "ESP"]
[Source "EDAMI"]
[SourceDate "2006.12.20"]

1. e4 {Esta es la mejor partida que ha logrado jugar el gran maestro indio en
Linares. Shirov repite el mismo orden de jugadas que dos rondas antes empleó
Ponomariov contra el propio Anand, pero esta vez las blancas entran en una de
las direcciones principales y obligan a su rival sacrificar un peón. En la
jugada 15 Anand encuentra un plan muy interesante para atrapar la dama de su
rival. Las negras están obligadas a sacrificar cada vez más material para
mantener las posibilidades de contrajuego. Parece que el cálculo de Vishy es
muy exacto y con su jugada 27.Dc5 pone punto final a este encuentro, que
también tiene cierto interés teórico. El análisis post mortem no ha cambiado
la evaluación de ambos jugadores, esta variante parece dudosa para las negras.}
c5 2. Nf3 Nc6 3. d4 cxd4 4. Nxd4 e5 5. Nb5 d6 6. N1c3 {
Contra "Pono" Anand eligió} (6. c4 {Pero después de} Be7 7. Be2 a6 8. N5c3 Bg5
9. Nd2 Nf6 10. O-O O-O 11. b3 Nd4 {
Las blancas difícilmente pueden conseguir alguna ventaja.} 12. Nf3 Bxc1 13.
Rxc1 Nxf3+ 14. Bxf3 Be6 15. Qd2 Qc7 16. Rfd1 Rfd8 17. Qe2 Rac8 18. h3 h6 19.
Bg4 Qa5 20. Nd5 {Aqui los rivales acordaron tablas.}) 6... a6 7. Na3 b5 8. Nd5
Nf6 {Las negras utilizan también otras jugadas como} (8... Be7 {o}) (8... Nge7)
9. c4 b4 ({Creo que debe ser debidamente comprobada la respuesta} 9... Nxe4 {
en la práctica solo encontré una partida:} 10. Bd3 Nc5 11. cxb5 Nd4 12. b6
Nxd3+ 13. Qxd3 Bb7 14. Nc7+ Ke7 15. O-O {
con gran ventaja para las blancas. Mihevc-Shumiacina EUCup (Woman) 1999.}) ({
Otra direccion importante puede surgir después de} 9... Nd4 {
La variante que muestra bien los recursos de las blancas puede ser siguiente:}
10. Be3 Qa5+ 11. Bd2 Qd8 12. Bd3 Nxd5 13. cxd5 Be7 14. O-O O-O 15. Be3 f5 16.
Bxd4 exd4 17. exf5 Qb6 (17... Bxf5) 18. Re1 Bf6 19. Nc2 a5 20. Qh5 Bd7 21. g4 {
con gran ventaja para las blancas, Kotronias-Beshukov, Agios Nikolais op. 1995.
}) 10. Nxf6+ Qxf6 11. Nc2 Qg6 12. Qd5 {Esta jugada es un nuevo intento en la
presente posición. Las jugadas conocidas, 12.f3 y 12.Ne3 son inofensivas.} (12.
f3 {y}) (12. Ne3) 12... Bb7 13. Nxb4 Rc8 {
Shirov no quiere recuperar el peón después de} (13... Nd8 14. Qd1 Qxe4+ 15. Be3
{Porque esta posición parece favorable a las blancas.}) 14. Be3 ({
Si las blancas intentaran mantener el peón por medio de} 14. f3 Be7 15. Nxc6
Bxc6 16. Qd3 O-O 17. Be3 f5 {
las negras consiguerían más que suficiente contrajuego.}) 14... Be7 {Diagrama.}
15. h4 $1 ({Después de} 15. f3 O-O 16. O-O-O {
A las blancas les molestaba la jugada} Bg5 {por eso el gran maestro indio
intenta reducir la actividad del alfil negro, reduciendo al mismo tiempo las
posibilidades de la dama de su contrincante.}) 15... O-O ({Después de} 15... h5
16. f3 O-O 17. O-O-O {
las blancas mantienen un peón de ventaja sin compensación.}) ({
En el análisis post mortem ambos rivales analizaron también la jugada} 15...
Ba8 {pero las blancas pueden simplemente tomar el peón en a6} 16. Nxa6 {y si}
O-O 17. h5 Qf6 18. Qb5 Nd4 19. Bxd4 exd4 20. Bd3 {
no se ve ninguna compensación por la falta de dos peones.}) 16. h5 Qg4 17. f3
Qg3+ {Este es el momento crucial de la partida. Las negras podían aún jugar
modestamente y buscar la salvación en una posición inferior como} (17... Qd7
18. Nxc6 Bxc6 19. Qd3 f5 20. exf5 Rxf5 {con la idea de romper en el centro con
d5 mas tarde, pero Shirov era muy pesimista después de la partida y realmente
no confiaba en que las negras podían tener un juego suficientemente aceptable
para empatar la partida.}) 18. Kd1 Bg5 ({Es inútil jugar} 18... Bh4 {por} 19.
Nd3 $1 Nd8 20. Qa5 {Amenaza 21.Af2.} Bxe4 21. fxe4 Qxe3 22. Rxh4 Rxc4 23. Qd2 {
ganando.}) 19. Nxc6 $5 ({Las blancas podían ganar la dama después de} 19. Rh3
Qxh3 20. gxh3 Bxe3 21. Qd3 {Pero a Anand eso le pareció poco, porque aquí las
negras tienen posibilidades de bloquear la posición con} Bc5) 19... Bxe3 ({
Era objetivamente mejor aunque a Shirov tampoco le dejaba satisfecho como es
natural.} 19... Bxc6 20. Qd2 Bxe3 21. Qxe3 f5 22. Rh3 Qf4 23. Qxf4 exf4 24.
exf5 Rxf5 25. Kd2 {y las blancas mantienen su peón de ventaja.}) 20. Ne7+ Kh8
21. Qd3 Bg5 22. Nxc8 Rxc8 23. h6 $1 {Diagrama. Es un buen intermezzo. Para la
siguiente operación, las blancas primero deben reabrir la posición del rey
negro.} gxh6 24. Kc2 d5 {Alexei emplea su último recurso.} 25. exd5 Bxd5 26.
Qxd5 Rd8 27. Qc5 $1 {Después de la partida las negras confesaron que no habían
visto esta jugada que pone punto final a su iniciativa. Las blancas ganan
fácil.} Rd2+ 28. Kb3 Kg7 29. a3 e4 30. Rh3 Qf4 31. fxe4 1-0

[Event "Advanced Chess rapid"]
[Site "Leon ESP"]
[Date "2002.06.22"]
[Round "3"]
[White "Kramnik, Vladimir"]
[Black "Anand, Viswanathan"]
[Result "1-0"]
[WhiteElo "2809"]
[BlackElo "2752"]
[Annotator "Kramnik, V"]
[PlyCount "79"]
[EventDate "2002.06.21"]
[EventType "game (rapid)"]
[Source "EDAMI"]
[SourceDate "2006.12.20"]

1. Nf3 d5 2. d4 e6 3. c4 dxc4 {Anand no quiere repetir la variante del día
anterior y opta por el Gambito de Dama aceptado, anticipando un duelo teórico
entre dos de los máximos especialistas de esta apertura, cada uno con su color.
} 4. e3 c5 5. Bxc4 Nf6 6. O-O a6 7. Bb3 {
Una de las líneas favoritas de Kramnik.} cxd4 8. exd4 Nc6 9. Nc3 Be7 10. Bg5
O-O {Todo esto se ha jugado montones de veces, pero la siguiente jugada de
Kramnik introduce un plan original que el jugador ruso ha preparado a fondo.}
11. Qd2 Na5 12. Bc2 b5 13. Rad1 {
DIAGRAMA Técnicamente una novedad aunque podría trasponer a lo conocido.} ({
Dos partidas importantes con esta variante, una de ellas jugada tan solo nueve
días antes.} 13. Qf4 Ra7 14. Rad1 (14. Qh4 g6 15. Rad1 Nc4 16. Ne5 Nd5 17. Bxe7
Qxe7 18. Qxe7 Nxe7 19. Nxc4 bxc4 20. Be4 Bb7 21. f3 {
1/2-1/2 Kacheishvili,G-Izoria,Z/Batumi 2002 (21)}) 14... Bb7 15. d5 Bxd5 16.
Nxd5 exd5 17. Qh4 h5 18. Rfe1 Nc6 19. g4 Qd6 20. gxh5 Qb4 21. h6 Qxh4 22. Nxh4
Ne4 23. hxg7 Rc8 24. Bxe7 Nxe7 25. Bxe4 dxe4 26. Rxe4 Kxg7 27. Rd6 Rc5 28. Rg4+
Kh7 29. Nf3 Ng6 30. Ng5+ Kg7 31. Nxf7 Rxf7 32. Rdxg6+ Kh7 33. R6g5 Rxg5 34.
Rxg5 Rc7 35. a3 b4 36. axb4 Rc1+ 37. Kg2 Rb1 38. Ra5 Rxb2 39. Ra4 {
1-0 Kramnik,V-Anand,V/Dortmund 2001 (39)}) 13... Nc4 14. Qf4 Ra7 15. Ne5 Rc7
16. Nxc4 bxc4 ({Obviamente se podría ensayar} 16... Rxc4) 17. Bxf6 (17. d5 Nxd5
18. Bxe7 Rxe7 19. Qxc4 $14) 17... Bxf6 18. d5 e5 (18... Bxc3 19. dxe6 (19. d6
Rc5 20. bxc3 Bb7) 19... Qe7 20. bxc3 Bxe6 21. Rd6 Bc8 22. Rfd1 $14) 19. Qf3 $1
{DIAGRAMA Una jugada clave. Creo que fue en este momento cuando Anand se dió
cuenta de que su posición podría ser inferior.} (19. Qe4 g6 20. d6 Rd7 21. Qxc4
(21. Qc6 Bb7 22. Qc5 Qc8 $13) 21... Rxd6 22. Rxd6 Qxd6 $11) (19. Qe3 Rb7 20. b3
cxb3 21. Bxb3 Bg4 22. f3 Bf5 $14) 19... Rb7 (19... g6 20. d6 Rb7 21. d7 Rxd7
22. Rxd7 Bxd7 23. Rd1 e4 24. Nxe4 Be7 25. Ba4 Bxa4 26. Rxd8 Rxd8 27. Nc3 Bd7
$16) (19... Be7 $5 20. Qe4 (20. d6 Bxd6 21. Qd5 Be7 (21... Bg4 22. Qxd6 $16)
22. Qxe5 $14) 20... f5 21. Qxe5 Bd6 22. Qd4) 20. Qe4 g6 21. Qxc4 Rxb2 22. Bb3
$1 {Amenazando Na4} Bg5 23. d6 Be6 24. Qa4 $1 (24. Qxa6 Bg4 $1 25. Rd5 Bf4 $132
) 24... Bxb3 {
Kramnik criticó esta jugada porque según él deja a las negras sin contrajuego.}
(24... Bd7 25. Qa3 (25. Qxa6 Bg4) 25... Rd2 26. Qxa6 (26. Ne4 Rxd1 27. Rxd1 Bc6
$16) 26... Bg4 27. Rxd2 Bxd2 28. Nd5 Qg5 29. Qd3) (24... Bf5 25. Qa3 Rd2 26.
Nd5 Be4 27. Rxd2 Bxd2 28. Ne7+ Kg7 29. Qxa6 Qd7 $16) 25. axb3 Qb6 {DIAGRAMA} (
25... Qb8 $142) 26. Qg4 $1 {En mi opinión una excelente jugada que plantea un
ataque doble y obliga a las negras a adoptar una defensa pasiva.} Bf4 (26...
Qxb3 27. Qxg5 Qxc3 28. d7 f6 29. Qg4 $18) (26... Bd8 27. Na4 Qxb3 28. Nxb2 Qxb2
29. Qc4) (26... Qd8 27. Qc4 $16) 27. Nd5 Qd8 (27... Qxb3 $2 28. d7 Rd8 29. Qh4)
28. Nxf4 (28. Qf3 Bg5 29. Qc3 $16) 28... exf4 29. d7 Rxb3 (29... Qc7 30. Rfe1
Rd8 31. Re8+ Kg7 32. Rxd8 Qxd8 33. Qxf4 (33. Qf3 $1 {Illescas} f6 34. Qc3 Re2
35. h4 $18 {seguido de Kh2 y Qc8}) 33... Rxb3 (33... Qxd7 34. Qc1)) 30. Qxf4
$18 {DIAGRAMA A diferencia de la primera partida del encuentro esta vez el
peón en séptima resulta decisivo.} Rb8 31. Rfe1 Qb6 32. h4 $1 {El ataque a la
bayoneta decide la partida ya que las negras no podrán defender a su rey
durante mucho tiempo tras las debilidades que este avance provocará en el
flanco de rey negro.} h5 (32... Rbd8 33. h5 $18 Qb5 34. h6 f6 35. Re7 Qh5 36.
Rde1) 33. Rd6 Qc5 34. Qf6 Qf5 (34... Rbd8 35. Re5 Qc3 36. Kh2 a5 37. f4 a4 38.
f5 $18) 35. Qxf5 gxf5 36. Rxa6 Rfd8 37. Rd6 Kg7 (37... Kf8 38. Rh6 Kg7 39. Rxh5
Rxd7 40. Rxf5 $18) 38. Re5 Rb7 39. Rxf5 Rdxd7 40. Rxd7 1-0

[Event "Sparkassen sf"]
[Site "Dortmund GER"]
[Date "2002.07.15"]
[Round "3"]
[White "Shirov, Alexei"]
[Black "Leko, Peter"]
[Result "0-1"]
[WhiteElo "2697"]
[BlackElo "2722"]
[Annotator "Leko, P"]
[PlyCount "62"]
[EventDate "2002.07.13"]
[EventType "game"]
[Source "EDAMI"]
[SourceDate "2006.12.20"]

{Esta era la última partida de nuestro match en la que Shirov tendría las
blancas, por lo tanto él necesitaba ganarla a toda costa. Exactamente por ello
mi entrenador me dijo que debía estar preparado para una lucha a todo o nada.} 
1. e4 c5 2. Nf3 Nc6 3. Bb5 {Evitando la Pelikan} g6 4. Bxc6 dxc6 5. d3 Bg7 6.
h3 Nf6 7. Nc3 O-O 8. Be3 b6 9. Qd2 e5 10. Bh6 Qd6 11. O-O-O {Las blancas han
alcanzado su objetivo de enrocar por el lado opuesto y buscar una lucha
complicada.} a5 $1 {También yo me sentía feliz porque en esta posición las
negras tienen igualmente posibilidades. Sorprendentemente el plan que utilicé
en esta partida es absolutamente nuevo, pero me parece muy lógico. Avanzar los
peones del flanco de dama lo más rápido posible, sin dar tiempo a las blancas
a desarrollar su ataque.} 12. Bxg7 Kxg7 13. g4 a4 14. Ne2 b5 15. Ng3 b4 {
!Y finalmente mi oponente comenzó a pensar!} 16. Qg5 {Esto se basa más en un
sólido concepto que en un ataque demoledor, pero de todas formas es muy
difícil organizar un ataque contra el rey negro.} Re8 17. Nd2 {Ahora las blanca
s han frenado la ruptura ...b4-b3, pero las negras tienen varias ideas
distintas...} a3 18. bxa3 $2 {!Esto fue una gran sorpresa! Las blancas están
jugando con fuego, pero comprendí la razón por la que Shirov rechazó la más
natural} (18. b3 Qd4 19. Nc4 h6 {
(no hay necesidad de cosas como dar jaque con Qa1)} 20. Qe3 Ba6 $1 {Esto es imp
ortante pues ahora las blancas no pueden mantener su mejor estructura de
peones.} 21. Ne2 Qxe3+ 22. fxe3 {que era necesaria. Pero aquí las negras
tienen un final muy bueno y las blancas quedan sin posibilidades de ganar la
partida.} (22. Nxe3 $2 Nxe4 $1)) 18... h6 19. Qe3 ({Si} 19. Nc4 {sigue} Qd4 20.
Qe3 Qa1+ 21. Kd2 Qc3+ 22. Ke2 Be6 {con una maravillosa compensación}) 19... Be6
$1 {Una excelente reacción clásica. Las debilidades blancas en el flanco de
dama no se van a escapar.} 20. Nb3 {Ahora puede parecer que las blancas están
seguras, pero yo tenía preparada una desagradable sorpresa.} Rxa3 $1 21. Qxc5
Qb8 $1 {Una sutileza muy importante. !En adelante el ataque negro marcha solo!}
22. Kb2 {?Qué otra cosa?} Nd7 23. Qe3 Nb6 24. Ra1 {
Una jugada muy triste, pero no había nada más.} (24. Nf5+ gxf5 25. gxf5 Na4+
26. Kc1 Bxb3 27. Rhg1+ Kh7 28. f6 Rg8 {y las negras ganan}) ({o} 24. Ne2 Na4+
25. Kb1 Bxb3 26. cxb3 Nc3+ 27. Nxc3 bxc3 28. Qc5 (28. Kc2 Rxa2+ 29. Kxc3 c5 {
ganando}) 28... Rxb3+ $1 {y las negras destrozan a su rival.}) 24... c5 $1 {
!Es un sentimiento maravilloso hacer semejante jugada! Este peón rompe las
últimas defensas.} 25. Kc1 (25. Nxc5 {falla por} Nc4+) ({y} 25. Qxc5 $2 {por}
Na4+) 25... c4 26. dxc4 Nxc4 {Este caballo lo controla todo.} 27. Qe1 Qa7 {
!Ha llegado la hora de forzar los acontecimientos!} 28. Qxb4 Qxf2 29. Nf5+ {
La última posibilidad, pero las blanca no tienen esperanzas en ningún caso.}
gxf5 30. gxf5 Rc8 $1 31. fxe6 Ne3 $1 {
!Buscando el mate directo!. Y las blancas arrojaron la toalla} ({Tras} 31...
Ne3 32. Kb2 {
todas las jugadas ganan, pero hay una bonita que yo calculé durante la partida}
Qxc2+ 33. Kxa3 Ra8+ 34. Qa4 Qc3 $3 {y el mate es inevitable} 35. Qxa8 Nc2+ 36.
Ka4 Qb4#) 0-1

[Event "RUS vs. ROW"]
[Site "Moscow RUS"]
[Date "2002.09.10"]
[Round "6"]
[White "Shirov, Alexei"]
[Black "Motylev, Alexander"]
[Result "1-0"]
[WhiteElo "2697"]
[BlackElo "2634"]
[Annotator "Martin, A"]
[PlyCount "53"]
[EventDate "2002.09.08"]
[EventType "game"]
[Source "EDAMI"]
[SourceDate "2006.12.20"]

1. e4 e5 2. Nf3 Nf6 3. Nxe5 d6 4. Nf3 Nxe4 5. Nc3 {[La Defensa Petrov es desde
hace bastante tiempo una de las armas favoritas de los jugadores de
super-élite y ha sido profundamente investigada. La jugada que ahora elige
Shirov es un intento de apartarse de los caminos habituales que en este match
Shirov utilizó dos veces con éxito, frente a Morozevich y Motylev.
Posiblemente impresionado por ello, Short también la empleó frente a Karpov,
pero no tuvo igual fortuna y fue derrotado.} Nxc3 6. dxc3 Be7 7. Bf4 O-O 8. Qd2
{[Esta es la idea de las blancas. En la lucha de enroques opuestos que ahora
se avecina y que es tan del gusto de Shirov, el peón doblado blanco no tiene
ninguna influencia negativa]} Nd7 9. O-O-O Nc5 {[Esta maniobra está
considerada lo mejor. Kramnik la empleó con éxito frente a Hubner en 1996]} 10.
Be3 ({Contra Morozevich, Shirov había preferido} 10. Kb1 {aunque después de}
Bf6 {retiró igualmente el alfil} 11. Be3 {
y las negras eligieron un plan bastante desafortunado con} b6 12. Nd4 Bb7 13.
f3 a6 14. h4 Re8 15. Rh3 {con ventaja de las blancas.}) 10... Be6 ({
Posteriormente, en la mencionada partida frente a Short, Karpov eligió} 10...
Re8 {y tras} 11. h4 Bg4 12. Be2 Qc8 13. Kb1 Ne4 14. Qe1 Bf6 {
consiguió una partida muy satisfactoria.}) 11. Kb1 a6 12. Nd4 Bd7 {[Esto prueba
que la jugada 10...Be6 no fue muy acertada. Las blancas tienen ahora un juego
algo más cómodo.]} 13. f3 Re8 14. h4 {[La idea de las blancas es jugar Bg5
para abrir columnas. Pero la jugada de la partida sacrifica el peón y
probablemente a un ritmo de semirrápidas es una buena decisión práctica.]} Na4
({Las negras rehusan el presente, pero la jugada que hacen no es especialmente
útil. En realidad no había nada malo en aceptar el peón y posiblemente tras} 
14... Bxh4 15. Bc4 Qe7 {no exista completa compensación por el mismo. Es
comprensible que ante un jugador tan hábil tácticamente como Shirov, Motylev
prefiera un camino más tranquilo, pero las blancas igualmente conseguirán
buenas posibilidades de ataque.}) 15. Bg5 b5 16. Bd3 Nb6 {[Evidentemente el
plan elegido por las negras no ha sido afortunado. Las blancas comienzan mucho
antes su ataque.]} 17. Qf4 c5 ({Intentar ganar una pieza con} 17... f6 {
parece una locura ya que tras} 18. Qg3 fxg5 19. hxg5 Bxg5 20. Bxh7+ Kh8 21.
Bg6+ Bh6 22. Rxh6+ gxh6 23. Rh1 {las amenazas blancas resultan muy peligrosas.}
) 18. Nf5 Bxf5 19. Bxf5 ({Tampoco estaba mal} 19. Qxf5 g6 20. Qg4 {
y es claro que las blancas están mejor.}) 19... d5 20. Rhe1 g6 ({
Ahora, con la torre en e1, merecía considerarse} 20... f6 {aunque tras} 21. Qh2
{resulta muy peligroso aceptar la pieza:} fxg5 22. hxg5 h6 23. gxh6 Qd6 24. Qh5
) 21. Bh3 Bxg5 ({Falla} 21... Qd6 $2 22. Rxe7 Qxf4 23. Rxe8+) 22. hxg5 Re7 $6 (
{Era preferible simplificar la posición con} 22... Rxe1 23. Rxe1 Nc4) 23. Bg4
Qe8 $6 24. Rh1 {[Ahora las amenazas blancas son imparables]} Qf8 ({
Ya no hay defensa. Si} 24... Qc6 {podría seguir igualmente} 25. Rxh7 $1 Kxh7
26. Qh2+ Kg8 27. Rh1 {y ganan.}) 25. Qf6 Nd7 26. Bxd7 Rxd7 27. Rxh7 1-0